000 00433nam a2200157Ia 4500
008 210716s2006 xx 000 0 und d
020 _a9788131202917
041 _aeng
082 _a519.4 PHIG
100 _aPhillips, G M; Taylor, P J.
245 _aTheory and application of numerical analysis.
250 _a2
260 _aNew Delhi
_bAcademic Press
_c2006
300 _axii,447
650 _aApplied Numerical Analysis(519.4)
999 _c189069
_d189069